Hacia un nuevo paradigma de gestión
Guardat en:
| Autor principal: | |
|---|---|
| Format: | Llibre |
| Idioma: | espanyol |
| Publicat: |
Madrid
McGraw-Hill
1995
|
| Col·lecció: | Serie McGraw-Hill de Management
|
| Matèries: | |
| Etiquetes: |
Afegir etiqueta
Sense etiquetes, Sigues el primer a etiquetar aquest registre!
|
MARC
| LEADER | 00000nam a2200000 a 4500 | ||
|---|---|---|---|
| 001 | UCZ4084 | ||
| 003 | CL-VaPUC | ||
| 008 | 951106e19950000SP |||||||||||||||||spa|d | ||
| 082 | 0 | 4 | |a 658 |b HUE |2 21 |
| 100 | |a Huete, Luis María |e author |9 614669 | ||
| 245 | 1 | 0 | |a Hacia un nuevo paradigma de gestión |
| 246 | 1 | 0 | |a Por qué algunas empresas rompen sus mercados y se convierten en formidables competidores |
| 300 | |a 144 p | ||
| 942 | |c BK | ||
| 945 | |d 19951106 00:00:00 |a rleighto | ||
| 260 | |a Madrid |b McGraw-Hill |c 1995 | ||
| 650 | 0 | |a Empresas |9 255569 | |
| 650 | 0 | |a Gestión |9 260993 | |
| 650 | 0 | |a Administración de empresas |9 260833 | |
| 650 | 7 | |a COMERCIALIZACCION |2 CL-VaPUC |9 347999 | |
| 650 | 0 | |a Economía |9 255568 | |
| 650 | 0 | |a Gestión industrial |9 263790 | |
| 583 | |a last modification |c 19951106 00:00:00 |k Rodrigo Vera | ||
| 490 | 0 | |a Serie McGraw-Hill de Management | |
| 999 | |c 240511 |d 240509 | ||
| 952 | |0 0 |1 0 |4 0 |6 658_000000000000000_HUE_1995 |7 0 |8 A |9 252435 |a BIBGIM |b BIBGIM |d 2019-11-18 |i 3146154 |o 658 HUE 1995 |p 3146154 |r 2025-01-15 |w 2019-11-18 |y BK |k COM | ||